|
|
|
|
| LEADER |
00928nam a22002412a 4500 |
| 001 |
000153551 |
| 003 |
CZ BrMZK |
| 005 |
20091012211011.0 |
| 007 |
ta |
| 008 |
010907s1963 xr f cze d |
| 015 |
|
|
|a cnb000474414
|
| 035 |
|
|
|a (OCoLC)320454010
|
| 040 |
|
|
|a BOA001
|b cze
|c BOA002
|
| 100 |
1 |
|
|a Jelínková, Eva,
|d 1950-2013
|7 jn20001103341
|4 aut
|
| 245 |
1 |
0 |
|a Rusalky bydlí v maringotce /
|c Eva Jelínková
|
| 250 |
|
|
|a 1. vyd.
|
| 260 |
|
|
|a České Budějovice :
|b Krajské nakladatelství,
|c 1963
|
| 300 |
|
|
|a 125 s.
|
| 856 |
4 |
1 |
|u http://www.digitalniknihovna.cz/mzk/uuid/uuid:81e8f280-87d4-11e2-aa2b-005056827e51
|y Digitalizovaný dokument
|x NDK
|
| 910 |
|
|
|a BOA001
|b PK-A-0008.235
|b 1-0491.197
|
| 990 |
|
|
|a BK
|
| 996 |
6 |
|
|b 2619444790
|c 1-0491.197
|l MZK
|r Sklad / do 1 hodiny
|n 0
|w 000153551
|u 000020
|a 1
|e BOA001
|j MZK50
|s P
|
| 996 |
7 |
|
|b 3119951526
|c PK-A-0008.235
|l MZK
|r Sklad / do 1 hodiny
|n 0
|w 000153551
|u 000010
|a 1
|e BOA001
|j MZK50
|s A
|